000 00246nam a2200097Ia 4500
001 683636
005 20250826161442.0
008 250824s9999 xx 000 0 und d
245 0 _aSAFAHAT ÖYKÜLERİ
_cMÜNİRE DANİŞ
260 _bTİMAŞ YAYINLARI
999 _c683636
_d683636